| 000 | 00401pab a2200157 454500 | ||
|---|---|---|---|
| 008 | 180718b2009 xxu||||| |||| 00| 0 eng d | ||
| 100 | _aSaxena, K.B. | ||
| 245 | _aAssault of organized religions: threat to tribal identity and culture (a review article) | ||
| 260 | _c2009 | ||
| 300 | _ap.455-62. | ||
| 362 | _aSep | ||
| 650 | _aTribes | ||
| 773 | _aSocial Change | ||
| 908 | _aN | ||
| 909 | _a84508 | ||
| 999 |
_c84508 _d84508 |
||